Sudden Death: NFL Edition - Statistics

General Stats
  • This quiz has been taken 888 times
  • The average score is 3 of 11
Answers on the Grid
Answers color-coded by a green-red scale on the quiz's grid according to % correct below.
The Lions are from Detroit
The Eagles were founded in 1933
The Bills have won a Super Bowl
The Commanders have had 3 names
The Browns have won their division in the past 30 years
The Ravens logo contains red
The Cardinals are from Phoenix
Saint Louis has an NFL team
The Giants play in San Fransisco
The Steelers won 7 Super Bowls
The NFL has played in Brazil
Super Bowl LII was hosted in Minneapolis
Tampa Bay won a home game in 2014
The Raiders played in a baseball stadium
Quarterbacks can wear #19
Kansas City has hosted a Super Bowl
FedEx field is the worst NFL stadium of all time
Drew Brees was drafted by the Saints
No team has had a home game Super Bowl
Two teams have combined into one
The Broncos were called the No Fly Zone
 
Answer Stats
Answer % Correct
The Lions are from Detroit
91%
The Commanders have had 3 names
63%
The Ravens logo contains red
28%
The Eagles were founded in 1933
27%
The NFL has played in Brazil
23%
The Raiders played in a baseball stadium
17%
The Broncos were called the No Fly Zone
16%
Two teams have combined into one
16%
Quarterbacks can wear #19
14%
FedEx field is the worst NFL stadium of all time
12%
Super Bowl LII was hosted in Minneapolis
11%
No matching quizzes found
Score Distribution
Percent of People with Each Score
Percentile by Number Answered
Your Score History
You have not taken this quiz